[Event "x3dworld rapid"]
[Site "New York USA"]
[Date "2002.12.20"]
[Round "4"]
[White "Kasparov,G"]
[Black "Karpov,An"]
[Result "1/2-1/2"]
[WhiteElo "2838"]
[BlackElo "2688"]

1.e4 e5 2.Nf3 Nf6 3.Nxe5 d6 4.Nf3 Nxe4 5.d4 d5 6.Bd3 Nc6 7.O-O Be7 8.c4 Nb4
9.Be2 O-O 10.Nc3 Bf5 11.a3 Nxc3 12.bxc3 Nc6 13.cxd5 Qxd5 14.Re1 Rfe8 15.Bf4 Bd6
16.c4 Qe4 17.Be3 Rad8 18.Ra2 Bg6 19.Qc1 Na5 20.c5 Be7 21.Bb5 Qd5 22.Rae2 c6
23.Bg5 cxb5 24.Bxe7 Rc8 25.Re5 Qd7 26.Bd6 f6 27.Rxe8+ Rxe8 28.Rxe8+  1/2-1/2

[Event "ECC"]
[Site "Rethymnon GRE"]
[Date "2003.10.04"]
[Round "7"]
[White "Ivanchuk,V"]
[Black "Kasparov,G"]
[Result "1/2-1/2"]
[WhiteElo "2710"]
[BlackElo "2830"]

1.d4 Nf6 2.c4 e6 3.Nc3 Bb4 4.Qc2 O-O 5.a3 Bxc3+ 6.Qxc3 b6 7.Bg5 Bb7 8.e3 d6
9.Ne2 Nbd7 10.Qd3 Ba6 11.Nc3 d5 12.Qc2 Bxc4 13.Bxc4 dxc4 14.Qa4 h6 15.Bh4 c5
16.Qxc4 cxd4 17.Qxd4 Nc5 18.Bxf6 Qxf6 19.Qxf6 gxf6 20.O-O-O Rfc8 21.Kb1 f5
22.Rd4 Nb3 23.Rd3 Nc5 24.Rd4 Nb3 25.Rh4 Kg7 26.Ka2 Nc5 27.Rd1 a6 28.Rhd4 b5
29.g4 fxg4 30.Rxg4+ Kf8 31.Rh4 Ke7 32.Rdd4 Rg8 33.Rxh6 Rg2 34.f4 Rd8 35.f5 Rxd4
36.exd4 Nd3 37.fxe6 fxe6 38.d5 Rxb2+ 39.Ka1 exd5 40.Nxd5+ Kd7 41.Nf4 Rd2
42.Nxd3  1/2-1/2

[Event "Rapid"]
[Site "Reykjavik ISL"]
[Date "2004.03.18"]
[Round "1.1"]
[White "Carlsen,M"]
[Black "Kasparov,G"]
[Result "1/2-1/2"]
[WhiteElo "2484"]
[BlackElo "2831"]

1.d4 d5 2.c4 c6 3.Nf3 Nf6 4.Nc3 e6 5.Bg5 Nbd7 6.e3 Qa5 7.Nd2 Bb4 8.Qc2 O-O
9.Be2 e5 10.O-O exd4 11.Nb3 Qb6 12.exd4 dxc4 13.Bxc4 a5 14.a4 Qc7 15.Rae1 h6
16.Bh4 Bd6 17.h3 Nb6 18.Bxf6 Nxc4 19.Ne4 Bh2+ 20.Kh1 Nd6 21.Kxh2 Nxe4+ 22.Be5 Nd6
23.Qc5 Rd8 24.d5 Qd7 25.Nd4 Nf5 26.dxc6 bxc6 27.Nxc6 Re8 28.Rd1 Qe6 29.Rfe1 Bb7
30.Nd4 Nxd4 31.Qxd4 Qg6 32.Qg4 Qxg4 33.hxg4 Bc6 34.b3 f6 35.Bc3 Rxe1 36.Rxe1 Bd5
37.Rb1 Kf7 38.Kg3 Rb8 39.b4 axb4 40.Bxb4 Bc4 41.a5 Ba6 42.f3 Kg6 43.Kf4 h5
44.gxh5+ Kxh5 45.Rh1+ Kg6 46.Bc5 Rb2 47.Kg3 Ra2 48.Bb6 Kf7 49.Rc1 g5 50.Rc7+ Kg6
51.Rc6 Bf1 52.Bf2  1/2-1/2

[Event "ARM-ROW Match"]
[Site "Moscow RUS"]
[Date "2004.06.11"]
[Round "2"]
[White "Vallejo Pons,F"]
[Black "Kasparov,G"]
[Result "1/2-1/2"]
[WhiteElo "2666"]
[BlackElo "2817"]

1.e4 c5 2.Nf3 d6 3.d4 cxd4 4.Nxd4 Nf6 5.Nc3 a6 6.Bg5 e6 7.f4 Qb6 8.Qd2 Qxb2
9.Rb1 Qa3 10.f5 Nc6 11.fxe6 fxe6 12.Nxc6 bxc6 13.e5 dxe5 14.Bxf6 gxf6 15.Ne4 Qxa2
16.Rd1 Be7 17.Be2 O-O 18.O-O Ra7 19.Rf3 Kh8 20.Rg3 Rd7 21.Qh6 Rf7 22.Qh5 Rxd1+
23.Bxd1 Qa5 24.Kf1 Qd8 25.Qxf7 Qxd1+ 26.Kf2 Qxc2+ 27.Kf3 Qd1+ 28.Kf2 Qc2+
29.Ke3 Bc5+ 30.Nxc5 Qxc5+ 31.Kd2 Qf2+ 32.Kc3 Qd4+ 33.Kc2 Qf2+ 34.Kc3  1/2-1/2

[Event "ARM-ROW Match"]
[Site "Moscow RUS"]
[Date "2004.06.12"]
[Round "3"]
[White "Kasparov,G"]
[Black "Bacrot,E"]
[Result "1/2-1/2"]
[WhiteElo "2817"]
[BlackElo "2675"]

1.e4 e5 2.Nf3 Nc6 3.Bb5 a6 4.Ba4 Nf6 5.O-O Be7 6.Re1 b5 7.Bb3 O-O 8.h3 Bb7
9.d3 d6 10.a3 Na5 11.Ba2 c5 12.Nbd2 Bc8 13.c3 Nc6 14.d4 cxd4 15.cxd4 exd4
16.Nb3 d3 17.Bf4 Bb7 18.Qxd3 Ne5 19.Nxe5 dxe5 20.Qxd8 Raxd8 21.Bxe5 Nxe4
22.f3 Nf6 23.Bd4 Rfe8 24.Bc5 Bf8 25.Rxe8 Rxe8 26.Bxf8 Kxf8 27.Nc5 Bc6 28.Kf2 Rd8
29.Re1 a5 30.Bb3 Nh5 31.Rd1 Rxd1 32.Bxd1 Nf4 33.Bc2 g6 34.Nb3 a4 35.Nd4 Bd7
36.Ne2 Ne6 37.Ke3 Ke7 38.Nd4 Nc7 39.b4 axb3 40.Bxb3 Na6 41.h4 h6 42.Bd5 Nc7
43.Ke4 Na6 44.g3 Be8 45.Nc2 Kd6 46.Kd4 Nc7 47.Bb3 Na6 48.Ne3 Nc5 49.Bd5 h5
50.f4 Nd7 51.Nc2 Nb6 52.Be4 Nc4 53.Bd3 Na5 54.Kc3 Kc5 55.Nd4 Bd7 56.f5 Bxf5
57.Nxf5 gxf5 58.Be2 Nc6 59.Bxh5 b4+ 60.axb4+ Nxb4 61.Bf3 Nd5+ 62.Bxd5 Kxd5
63.Kd3 Ke5 64.Ke2 Kf6 65.Ke3 Kg6 66.Kd4 Kh5  1/2-1/2

[Event "ARM-ROW Match"]
[Site "Moscow RUS"]
[Date "2004.06.13"]
[Round "4"]
[White "Kasparov,G"]
[Black "Adams,Mi"]
[Result "1/2-1/2"]
[WhiteElo "2817"]
[BlackElo "2731"]

1.Nf3 Nf6 2.c4 e6 3.Nc3 c5 4.g3 b6 5.Bg2 Bb7 6.O-O Be7 7.d4 cxd4 8.Qxd4 d6
9.Bg5 a6 10.Bxf6 Bxf6 11.Qf4 O-O 12.Rfd1 Be7 13.Ne4 Bxe4 14.Qxe4 Ra7 15.Nd4 Rc7
16.b3 Rc5 17.a4 Qc7 18.Qb1 Nd7 19.e3 Qc8 20.Ra2 Nf6 21.Rc2 a5 22.Rdd2 Rd8
23.Nb5 g6 24.Qd1 Ne8 25.Bf3 Qd7 26.Rd3 Nc7 27.Rcd2 Nxb5 28.axb5 Bf8 29.Bc6 Qe7
30.Rd4 Qf6 31.Kg2 h5 32.h3 Rc8 33.R2d3 Rc7 34.Qf3 Rf5 35.Rf4 Rxf4 36.exf4 Ra7
37.Qe3 Qd8 38.c5 bxc5 39.Qxc5 Qb8 40.Qe3 a4 41.b6 Ra6 42.bxa4 Rxb6 43.Bb5 d5
44.f5 exf5 45.Rxd5 Rd6  1/2-1/2

[Event "ARM-ROW Match"]
[Site "Moscow RUS"]
[Date "2004.06.14"]
[Round "5"]
[White "Svidler,P"]
[Black "Kasparov,G"]
[Result "1/2-1/2"]
[WhiteElo "2733"]
[BlackElo "2817"]

1.e4 c5 2.Nf3 Nc6 3.Bb5 g6 4.Bxc6 dxc6 5.d3 Bg7 6.h3 Nf6 7.Nc3 Nd7 8.Be3 e5
9.O-O Qe7 10.Qd2 h6 11.Nh2 Nf8 12.Ne2 Ne6 13.a3 Nd4 14.b4 Be6 15.bxc5 Qxc5
16.Bxd4 exd4 17.Qb4 b6 18.Nf3 O-O-O 19.Qxc5 bxc5 20.Nf4 Bd7 21.e5 Rhe8 22.Rfe1 g5
23.e6 fxe6 24.Nh5 Bh8 25.Ne5 Kc7 26.Ng3 Bxe5 27.Rxe5 Kd6 28.Re2 c4 29.dxc4 e5
30.Rae1 Re7 31.f3 c5 32.Rb1 Kc6 33.Rb5 a6 34.Rb3 Ree8 35.Re1 Rb8 36.Rxb8 Rxb8
37.Rxe5 Re8 38.Rxe8 Bxe8 39.Ne4 Bf7 40.Nd2 Bg6 41.Ne4 Bf7 42.Nd2 Kb6 43.Kf2 Ka5
44.Nb3+ Ka4 45.Nxc5+ Kxa3 46.Nxa6 Bxc4 47.Nc5 Kb2 48.f4 Kxc2 49.fxg5 hxg5
50.Kf3 Kc3 51.Ne4+ Kc2 52.Nc5 Bd5+ 53.Kg4 Kc3 54.Kxg5 Bc6 55.Kf4 Kc4 56.Ne6 d3
57.Ke3 Kc3 58.Nf4 d2  1/2-1/2

[Event "20th ECC"]
[Site "Izmir TUR"]
[Date "2004.10.06"]
[Round "4"]
[White "Azarov,S"]
[Black "Kasparov,G"]
[Result "1/2-1/2"]
[WhiteElo "2556"]
[BlackElo "2813"]

1.e4 c5 2.Nf3 d6 3.d4 cxd4 4.Nxd4 Nf6 5.Nc3 a6 6.Bg5 e6 7.f4 Qb6 8.Qd2 Qxb2
9.Rb1 Qa3 10.f5 Nc6 11.fxe6 fxe6 12.Nxc6 bxc6 13.e5 dxe5 14.Bxf6 gxf6 15.Ne4 Qxa2
16.Rd1 Be7 17.Be2 O-O 18.O-O Ra7 19.Rf3 Kh8 20.Rg3 Rd7 21.Qh6 Rxd1+ 22.Bxd1 Rf7
23.Qh5 Qa5 24.Kf1 Qd8 25.Qxf7 Qxd1+ 26.Kf2 Qxc2+ 27.Ke3 Bc5+  1/2-1/2

[Event "57th ch-RUS"]
[Site "Moscow RUS"]
[Date "2004.11.20"]
[Round "5"]
[White "Epishin,V"]
[Black "Kasparov,G"]
[Result "1/2-1/2"]
[WhiteElo "2599"]
[BlackElo "2813"]

1.d4 Nf6 2.c4 e6 3.Nc3 Bb4 4.e3 O-O 5.Ne2 d5 6.a3 Bd6 7.c5 Be7 8.b4 c6 9.Nf4 b6
10.Be2 a5 11.Rb1 axb4 12.axb4 Ba6 13.O-O Nbd7 14.Bxa6 Rxa6 15.Bb2 Qc7 16.Nd3 Rfa8
17.f3 R6a7 18.Kh1 bxc5 19.bxc5 Rb8 20.Rc1 Qc8 21.Qc2 Rab7 22.Ra1 e5 23.Bc1 e4
24.fxe4 Nxe4 25.Nxe4 dxe4 26.Nb2 Nf6 27.Nc4 Qe6 28.Bd2 Bd8 29.Ba5 Bxa5 30.Rxa5 Nd5
31.h3 Nb4 32.Qe2 Nd3 33.Nb6 g6 34.Qa2 Qxa2 35.Rxa2 f5 36.g4 f4 37.exf4 Rd8
38.f5 Rxd4 39.Ra8+ Kf7 40.fxg6+ Kxg6 41.Rg8+ Rg7 42.Rc8  1/2-1/2